Statystyki dla 5 państw o najwyższym HDI według kontynentów

Kliknij tutaj aby rozwiązać quiz!

Ogólne statystyki

  • Ten quiz został rozwiązany 201 razy
  • Średni wynik to 20 z 30

Statystyki odpowiedzi

Odpowiedź% Poprawnych
Niemcy
94%
Kanada
92%
Stany Zjednoczone
92%
Japonia
91%
Australia
88%
Norwegia
88%
Szwajcaria
88%
Argentyna
87%
Brazylia
87%
Nowa Zelandia
85%
Chile
83%
Korea
Południowa
82%
Kolumbia
79%
Peru
78%
Singapur
73%
Islandia
69%
Irlandia
65%
Fidżi
63%
Algieria
62%
Tunezja
61%
Bahamy
56%
Izrael
50%
Palau
48%
Seszele
47%
Tonga
44%
Barbados
43%
Mauritius
40%
Trynidad i
Tobago
37%
Botswana
33%
Cypr
21%

Rozkład punktacji

Percentyl według liczby udzielonych odpowiedzi

Procent ludzi z każdym wynikiem

Twoja historia wyników

Nie rozwiązałeś tego quizu